{"text_format":"3","workbook":"xlsx","n_sheets":1,"sheets":["t261"],"read":"whole","date_system":"1900"}

{"sheet":"t261","index":0,"n_rows":194,"n_cols":7,"rows_kept":194,"merged":[[0,0,0,6],[28,0,28,5],[49,0,49,5],[164,0,164,5]]}
["TABELA 261.1 - Estatísticas Agrícolas, Município de Itaporanga, Estado de São Paulo, 2016/17."]
["ITEM","UNIDADE","N.DE UPAs","MÍNIMO","MÉDIO","MÁXIMO","TOTAL"]
["Distância à sede do município","km",898,0.1,{"v":13.85,"d":"13.9"},{"v":36,"d":"36.0"},"-"]
["Área total","hectare",898,0.6,{"v":48.13,"d":"48.1"},{"v":1645.15,"d":"1,645.2"},{"v":43222.72,"d":"43,222.7"}]
["Área com cultura perene","hectare",34,0.2,{"v":7.66,"d":"7.7"},{"v":55,"d":"55.0"},260.4]
["Área com cultura temporária","hectare",409,0.1,{"v":27.94,"d":"27.9"},968.1,{"v":11428.3,"d":"11,428.3"}]
["Área com pastagem","hectare",753,0.2,{"v":31.93,"d":"31.9"},{"v":1324.5,"d":"1,324.5"},{"v":24045.6,"d":"24,045.6"}]
["Área com reflorestamento","hectare",107,0.1,{"v":13.14,"d":"13.1"},386.4,{"v":1406.5,"d":"1,406.5"}]
["Área com vegetação natural","hectare",749,0.1,{"v":7.47,"d":"7.5"},343.2,{"v":5591.67,"d":"5,591.7"}]
["Área com vegetação de brejo e várzea","hectare",69,0.1,{"v":4.22,"d":"4.2"},48.4,{"v":291.49,"d":"291.5"}]
["Área em descanso","hectare",3,2.4,{"v":4,"d":"4.0"},4.8,{"v":12,"d":"12.0"}]
["Área complementar","hectare",744,0.1,{"v":0.25,"d":"0.3"},{"v":5,"d":"5.0"},{"v":186.76,"d":"186.8"}]
["Área das UPAs com (0, 1] ha","hectare",1,0.6,0.6,0.6,0.6]
["Área das UPAs com (1, 2] ha","hectare",4,1.2,{"v":1.53,"d":"1.5"},1.9,6.1]
["Área das UPAs com (2, 5] ha","hectare",64,2.4,{"v":3.82,"d":"3.8"},{"v":5,"d":"5.0"},{"v":244.47,"d":"244.5"}]
["Área das UPAs com (5, 10] ha","hectare",161,5.4,{"v":7.93,"d":"7.9"},{"v":10,"d":"10.0"},{"v":1277.3,"d":"1,277.3"}]
["Área das UPAs com (10, 20] ha","hectare",213,10.4,{"v":14.62,"d":"14.6"},{"v":20,"d":"20.0"},{"v":3113.8,"d":"3,113.8"}]
["Área das UPAs com (20, 50] ha","hectare",282,20.1,31.1,{"v":50,"d":"50.0"},{"v":8770,"d":"8,770.0"}]
["Área das UPAs com (50, 100] ha","hectare",106,50.8,{"v":66.85,"d":"66.9"},{"v":100,"d":"100.0"},{"v":7086.2,"d":"7,086.2"}]
["Área das UPAs com (100, 200] ha","hectare",37,101.6,{"v":139.38,"d":"139.4"},193.6,{"v":5157.2,"d":"5,157.2"}]
["Área das UPAs com (200, 500] ha","hectare",17,{"v":206,"d":"206.0"},{"v":305.72,"d":"305.7"},464.6,{"v":5197.2,"d":"5,197.2"}]
["Área das UPAs com (500, 1.000] ha","hectare",9,532.4,{"v":755.23,"d":"755.2"},993.7,{"v":6797.1,"d":"6,797.1"}]
["Área das UPAs com (1.000, 2.000] ha","hectare",4,{"v":1043.4,"d":"1,043.4"},{"v":1393.19,"d":"1,393.2"},{"v":1645.15,"d":"1,645.2"},{"v":5572.75,"d":"5,572.8"}]
["Área das UPAs com (2.000, 5.000] ha","hectare","-","-","-","-","-"]
["Área das UPAs com (5.000, 10.000] ha","hectare","-","-","-","-","-"]
["Área das UPAs acima de 10.000 ha","hectare","-","-","-","-","-"]
["Fonte: Secretaria de Agricultura e Abastecimento, CDRS/IEA, Projeto LUPA."]
[]
["TABELA 261.2 - Explorações Animais, Município de Itaporanga, Estado de São Paulo, 2016/17."]
["ITEM","UNIDADE","N.DE UPAs","MÍNIMO","MÉDIO","MÁXIMO","TOTAL"]
["Asininos e muares","cabecas",64,{"v":1,"d":"1.0"},{"v":2.36,"d":"2.4"},{"v":15,"d":"15.0"},{"v":151,"d":"151.0"}]
["Avicultura de corte","cabecas/ano",1,{"v":10,"d":"10.0"},{"v":10,"d":"10.0"},{"v":10,"d":"10.0"},{"v":10,"d":"10.0"}]
["Avicultura ornamental/decorativa/exotica","cabecas",1,{"v":120,"d":"120.0"},{"v":120,"d":"120.0"},{"v":120,"d":"120.0"},{"v":120,"d":"120.0"}]
["Avicultura para ovos","cabecas",4,{"v":30,"d":"30.0"},{"v":50,"d":"50.0"},{"v":80,"d":"80.0"},{"v":200,"d":"200.0"}]
["Bovinocultura de corte","cabecas",152,{"v":5,"d":"5.0"},{"v":132.68,"d":"132.7"},{"v":1307,"d":"1,307.0"},{"v":20167,"d":"20,167.0"}]
["Bovinocultura leiteira","cabecas",55,{"v":1,"d":"1.0"},{"v":19.67,"d":"19.7"},{"v":129,"d":"129.0"},{"v":1082,"d":"1,082.0"}]
["Bovinocultura mista","cabecas",465,{"v":1,"d":"1.0"},{"v":26.57,"d":"26.6"},{"v":206,"d":"206.0"},{"v":12354,"d":"12,354.0"}]
["Bubalinocultura","cabecas",2,{"v":4,"d":"4.0"},{"v":17,"d":"17.0"},{"v":30,"d":"30.0"},{"v":34,"d":"34.0"}]
["Caprinocultura","cabecas",8,{"v":2,"d":"2.0"},6.5,{"v":15,"d":"15.0"},{"v":52,"d":"52.0"}]
["Carcinocultura","pos-larvas",5,{"v":6,"d":"6.0"},{"v":18,"d":"18.0"},{"v":60,"d":"60.0"},{"v":90,"d":"90.0"}]
["Cunicultura","cabecas",1,{"v":5,"d":"5.0"},{"v":5,"d":"5.0"},{"v":5,"d":"5.0"},{"v":5,"d":"5.0"}]
["Equinocultura","cabecas",307,{"v":1,"d":"1.0"},{"v":2.98,"d":"3.0"},{"v":40,"d":"40.0"},{"v":916,"d":"916.0"}]
["Ovinocultura","cabecas",28,{"v":3,"d":"3.0"},{"v":14.68,"d":"14.7"},{"v":80,"d":"80.0"},{"v":411,"d":"411.0"}]
["Piscicultura","m2 tanques",1,{"v":900,"d":"900.0"},{"v":900,"d":"900.0"},{"v":900,"d":"900.0"},{"v":900,"d":"900.0"}]
["Ranicultura","girinos/ano",1,{"v":100,"d":"100.0"},{"v":100,"d":"100.0"},{"v":100,"d":"100.0"},{"v":100,"d":"100.0"}]
["Sericicultura","gramas larvas/ano",1,{"v":2,"d":"2.0"},{"v":2,"d":"2.0"},{"v":2,"d":"2.0"},{"v":2,"d":"2.0"}]
["Suinocultura","cabecas",87,{"v":1,"d":"1.0"},{"v":8.66,"d":"8.7"},{"v":150,"d":"150.0"},{"v":753,"d":"753.0"}]
["Fonte: Secretaria de Agricultura e Abastecimento, CDRS/IEA, Projeto LUPA."]
[]
["TABELA 261.3 -  Máquinas, Implementos e Benfeitorias, Município de Itaporanga, Estado de São Paulo, 2016/17."]
["ITEM","UNIDADE","N.DE UPAs","MÍNIMO","MÉDIO","MÁXIMO","TOTAL"]
["Arado comum (bacia, aiveca)","unidade",134,{"v":1,"d":"1.0"},{"v":1.01,"d":"1.0"},{"v":2,"d":"2.0"},{"v":135,"d":"135.0"}]
["Arado escarificador","unidade",7,{"v":1,"d":"1.0"},{"v":1,"d":"1.0"},{"v":1,"d":"1.0"},{"v":7,"d":"7.0"}]
["Arado subsolador","unidade",25,{"v":1,"d":"1.0"},{"v":1.12,"d":"1.1"},{"v":2,"d":"2.0"},{"v":28,"d":"28.0"}]
["Batedeira de cereais","unidade",34,{"v":1,"d":"1.0"},{"v":1.15,"d":"1.2"},{"v":4,"d":"4.0"},{"v":39,"d":"39.0"}]
["Camara fria","unidade",6,{"v":1,"d":"1.0"},{"v":1,"d":"1.0"},{"v":1,"d":"1.0"},{"v":6,"d":"6.0"}]
["Carregadeira de cana","unidade",39,{"v":1,"d":"1.0"},{"v":1.18,"d":"1.2"},{"v":4,"d":"4.0"},{"v":46,"d":"46.0"}]
["Carreta de trator","unidade",93,{"v":1,"d":"1.0"},{"v":1.09,"d":"1.1"},{"v":4,"d":"4.0"},{"v":101,"d":"101.0"}]
["Colhedeira acoplada","unidade",6,{"v":1,"d":"1.0"},{"v":1.17,"d":"1.2"},{"v":2,"d":"2.0"},{"v":7,"d":"7.0"}]
["Colhedeira automotriz","unidade",13,{"v":1,"d":"1.0"},{"v":1.23,"d":"1.2"},{"v":3,"d":"3.0"},{"v":16,"d":"16.0"}]
["Computador","unidade",1,{"v":1,"d":"1.0"},{"v":1,"d":"1.0"},{"v":1,"d":"1.0"},{"v":1,"d":"1.0"}]
["Conj.irrigacao autopropelido","unidade",1,{"v":1,"d":"1.0"},{"v":1,"d":"1.0"},{"v":1,"d":"1.0"},{"v":1,"d":"1.0"}]
["Conj.irrigacao convencional","unidade",6,{"v":1,"d":"1.0"},1.5,{"v":3,"d":"3.0"},{"v":9,"d":"9.0"}]
["Conj.irrigacao pivot central","unidade",6,{"v":1,"d":"1.0"},{"v":2,"d":"2.0"},{"v":7,"d":"7.0"},{"v":12,"d":"12.0"}]
["Conj.irrigacao/gotejamento/microaspersao","unidade",5,{"v":1,"d":"1.0"},1.2,{"v":2,"d":"2.0"},{"v":6,"d":"6.0"}]
["Conjunto de fenacao","unidade",2,{"v":1,"d":"1.0"},{"v":1,"d":"1.0"},{"v":1,"d":"1.0"},{"v":2,"d":"2.0"}]
["Desintegrador de palha (plantio direto)","unidade",3,{"v":1,"d":"1.0"},{"v":1.67,"d":"1.7"},{"v":3,"d":"3.0"},{"v":5,"d":"5.0"}]
["Desintegrador, picador, triturador","unidade",153,{"v":1,"d":"1.0"},{"v":1.05,"d":"1.1"},{"v":3,"d":"3.0"},{"v":161,"d":"161.0"}]
["Distribuidor de calcario","unidade",37,{"v":1,"d":"1.0"},{"v":1.05,"d":"1.1"},{"v":2,"d":"2.0"},{"v":39,"d":"39.0"}]
["Embarcação","unidade",1,{"v":1,"d":"1.0"},{"v":1,"d":"1.0"},{"v":1,"d":"1.0"},{"v":1,"d":"1.0"}]
["Ensiladeira","unidade",15,{"v":1,"d":"1.0"},{"v":1,"d":"1.0"},{"v":1,"d":"1.0"},{"v":15,"d":"15.0"}]
["Grade aradora (tipo romi)","unidade",69,{"v":1,"d":"1.0"},1.1,{"v":3,"d":"3.0"},{"v":76,"d":"76.0"}]
["Grade niveladora","unidade",120,{"v":1,"d":"1.0"},{"v":1.09,"d":"1.1"},{"v":3,"d":"3.0"},{"v":131,"d":"131.0"}]
["Implementos para tracao animal","unidade",65,{"v":1,"d":"1.0"},1.6,{"v":5,"d":"5.0"},{"v":104,"d":"104.0"}]
["Misturador de racao","unidade",4,{"v":1,"d":"1.0"},{"v":1,"d":"1.0"},{"v":1,"d":"1.0"},{"v":4,"d":"4.0"}]
["Mmicrotrator","unidade",2,{"v":1,"d":"1.0"},{"v":1,"d":"1.0"},{"v":1,"d":"1.0"},{"v":2,"d":"2.0"}]
["Ordenhadeira mecanica","unidade",33,{"v":1,"d":"1.0"},{"v":1.09,"d":"1.1"},{"v":2,"d":"2.0"},{"v":36,"d":"36.0"}]
["Pulverizador tratorizado","unidade",58,{"v":1,"d":"1.0"},{"v":1.19,"d":"1.2"},{"v":3,"d":"3.0"},{"v":69,"d":"69.0"}]
["Resfriador de leite, tanque expansao","unidade",31,{"v":1,"d":"1.0"},{"v":1,"d":"1.0"},{"v":1,"d":"1.0"},{"v":31,"d":"31.0"}]
["Retroescavadeira","unidade",2,{"v":1,"d":"1.0"},{"v":1,"d":"1.0"},{"v":1,"d":"1.0"},{"v":2,"d":"2.0"}]
["Roçadora","unidade",13,{"v":1,"d":"1.0"},{"v":1.08,"d":"1.1"},{"v":2,"d":"2.0"},{"v":14,"d":"14.0"}]
["Semeadeira/adubadeira para plantio convencional","unidade",46,{"v":1,"d":"1.0"},{"v":1.13,"d":"1.1"},{"v":4,"d":"4.0"},{"v":52,"d":"52.0"}]
["Semeadeira/plantadeira plantio direto","unidade",29,{"v":1,"d":"1.0"},{"v":1.31,"d":"1.3"},{"v":5,"d":"5.0"},{"v":38,"d":"38.0"}]
["Terraceador","unidade",8,{"v":1,"d":"1.0"},{"v":1,"d":"1.0"},{"v":1,"d":"1.0"},{"v":8,"d":"8.0"}]
["Trator de esteiras","unidade",4,{"v":1,"d":"1.0"},{"v":1.25,"d":"1.3"},{"v":2,"d":"2.0"},{"v":5,"d":"5.0"}]
["Trator de pneus  acima de 85 cv","unidade",37,{"v":1,"d":"1.0"},{"v":1.54,"d":"1.5"},{"v":4,"d":"4.0"},{"v":57,"d":"57.0"}]
["Trator de pneus até 65 cv","unidade",145,{"v":1,"d":"1.0"},{"v":1.11,"d":"1.1"},{"v":4,"d":"4.0"},{"v":161,"d":"161.0"}]
["Trator de pneus de 66 cv a 85 cv","unidade",48,{"v":1,"d":"1.0"},{"v":1.73,"d":"1.7"},{"v":10,"d":"10.0"},{"v":83,"d":"83.0"}]
["Acude/represa","unidade",177,{"v":1,"d":"1.0"},{"v":1.63,"d":"1.6"},{"v":9,"d":"9.0"},{"v":288,"d":"288.0"}]
["Almoxarifado/oficina","unidade",5,{"v":1,"d":"1.0"},1.2,{"v":2,"d":"2.0"},{"v":6,"d":"6.0"}]
["Armazem para graos ensacados","sacas",13]
["Balanca para bovinos","unidade",14,{"v":1,"d":"1.0"},{"v":1,"d":"1.0"},{"v":1,"d":"1.0"},{"v":14,"d":"14.0"}]
["Balanca para veiculos","unidade",1,{"v":2,"d":"2.0"},{"v":2,"d":"2.0"},{"v":2,"d":"2.0"},{"v":2,"d":"2.0"}]
["Barracao para granja/avicultura","unidade",2,{"v":1,"d":"1.0"},1.5,{"v":2,"d":"2.0"},{"v":3,"d":"3.0"}]
["Barracao/galpao/garagem","unidade",382,{"v":1,"d":"1.0"},{"v":1.21,"d":"1.2"},{"v":7,"d":"7.0"},{"v":462,"d":"462.0"}]
["Biodigestor","unidade",4,{"v":1,"d":"1.0"},1.5,{"v":2,"d":"2.0"},{"v":6,"d":"6.0"}]
["Casa de moradia habitada","unidade",567,{"v":1,"d":"1.0"},{"v":1.39,"d":"1.4"},{"v":15,"d":"15.0"},{"v":790,"d":"790.0"}]
["Casa de moradia total","unidade",631,{"v":1,"d":"1.0"},{"v":1.51,"d":"1.5"},{"v":31,"d":"31.0"},{"v":955,"d":"955.0"}]
["Curral/mangueira","unidade",546,{"v":1,"d":"1.0"},{"v":1.05,"d":"1.1"},{"v":4,"d":"4.0"},{"v":573,"d":"573.0"}]
["Deposito/tulha","unidade",135,{"v":1,"d":"1.0"},1.1,{"v":2,"d":"2.0"},{"v":148,"d":"148.0"}]
["Estabulo","unidade",8,{"v":1,"d":"1.0"},{"v":1.38,"d":"1.4"},{"v":3,"d":"3.0"},{"v":11,"d":"11.0"}]
["Estufa/plasticultura","m2",52]
["Fabrica de racao","unidade",2,{"v":1,"d":"1.0"},{"v":1,"d":"1.0"},{"v":1,"d":"1.0"},{"v":2,"d":"2.0"}]
["Instalacoes para equinos","unidade",6,{"v":1,"d":"1.0"},{"v":1.17,"d":"1.2"},{"v":2,"d":"2.0"},{"v":7,"d":"7.0"}]
["Pocilga","unidade",26,{"v":1,"d":"1.0"},{"v":1.04,"d":"1.0"},{"v":2,"d":"2.0"},{"v":27,"d":"27.0"}]
["Poco semi-artesiano","unidade",14,{"v":1,"d":"1.0"},{"v":1.07,"d":"1.1"},{"v":2,"d":"2.0"},{"v":15,"d":"15.0"}]
["Secador de graos","unidade",2,{"v":1,"d":"1.0"},{"v":1,"d":"1.0"},{"v":1,"d":"1.0"},{"v":2,"d":"2.0"}]
["Silo para graos","ton",4]
["Silo para silagem","ton",1]
["Terreiro","m2",22]
["Fonte: Secretaria de Agricultura e Abastecimento, CDRS/IEA, Projeto LUPA."]
[]
["TABELA 261.4 - Outras Estatísticas Agrícolas, Município de Itaporanga, Estado de São Paulo, 2016/17."]
["ITEM","Número de UPAs",null,"Percentual"]
["Faz Parte de Associação de Produtores",56,null,{"v":6.23608017817372,"d":"6.2"}]
["Faz Parte de Cooperativa de Produtores",71,null,{"v":7.906458797327394,"d":"7.9"}]
["Faz Parte do Sindicato de Produtores",9,null,{"v":1.002227171492205,"d":"1.0"}]
["Não utiliza assistência técnica ",457,null,{"v":50.89086859688196,"d":"50.9"}]
["Utiliza somente assistência técnica governamental ",336,null,{"v":37.41648106904232,"d":"37.4"}]
["Utiliza somente assistência técnica privada ",45,null,{"v":5.011135857461024,"d":"5.0"}]
["Utiliza assistência técnica tanto governamental quanto privada",60,null,{"v":6.6815144766147,"d":"6.7"}]
["Utiliza Crédito Rural",106,null,{"v":11.804008908685969,"d":"11.8"}]
["Utiliza Seguro Rural",29,null,{"v":3.229398663697105,"d":"3.2"}]
["Utiliza Escrituração Agrícola",65,null,{"v":7.2383073496659245,"d":"7.2"}]
["Acessa Internet p/ Fins na Agropecuária",85,null,{"v":9.465478841870823,"d":"9.5"}]
["Utiliza Computador nas Atividades Agropecuárias",34,null,{"v":3.78619153674833,"d":"3.8"}]
["Utiliza Energia Elétrica Para Uso na Atividade Agrícola",701,null,{"v":78.06236080178174,"d":"78.1"}]
["Utiliza Energia Alternativa",8,null,{"v":0.89086859688196,"d":"0.9"}]
["Realiza Análise de Solo, quando necessário",228,null,{"v":25.389755011135858,"d":"25.4"}]
["Realiza Calagem",89,null,{"v":9.910913140311804,"d":"9.9"}]
["Utiliza Práticas de Conservação de Solo, quando necessário",460,null,{"v":51.224944320712694,"d":"51.2"}]
["Faz Adubação Mineral, quando necessário",381,null,{"v":42.42761692650334,"d":"42.4"}]
["Faz Adubação Orgânica, quando necessário",95,null,{"v":10.579064587973273,"d":"10.6"}]
["Faz Adubação Verde, quando necessário",27,null,{"v":3.0066815144766146,"d":"3.0"}]
["Utiliza Manejo Integrado de Pragas (MIP)","-",null,"-"]
["Utiliza Hidroponia","-",null,"-"]
["Utiliza Cultivo em Estufa",79,null,{"v":8.797327394209354,"d":"8.8"}]
["Utiliza Mudas Fiscalizadas",45,null,{"v":5.011135857461025,"d":"5.0"}]
["Utiliza Semente Melhorada",315,null,{"v":35.077951002227174,"d":"35.1"}]
["Faz Confinamento de Bovinos",9,null,{"v":1.002227171492205,"d":"1.0"}]
["Utiliza Pastejo Intensivo",184,null,{"v":20.48997772828508,"d":"20.5"}]
["Faz Inseminação Artificial",21,null,{"v":2.338530066815145,"d":"2.3"}]
["Faz Mineralização do Rebanho",589,null,{"v":65.5902004454343,"d":"65.6"}]
["Faz Vermifugação do Rebanho",596,null,{"v":66.36971046770601,"d":"66.4"}]
["Possui Parceiros /Arrendatários na Exploração Animal",258,null,{"v":28.73051224944321,"d":"28.7"}]
["Existência de trabalhadores c/ deficiência na UPA","-",null,"-"]
["Esporte e lazer",1,null,{"v":0.11135857461024498,"d":"0.1"}]
["Extração mineral",1,null,{"v":0.11135857461024498,"d":"0.1"}]
["Hotel Fazenda, Pousada ou SPA","-",null,"-"]
["Pesque-pague",1,null,{"v":0.11135857461024498,"d":"0.1"}]
["Restaurante ou Lanchonete","-",null,"-"]
["Transformação artesanal","-",null,"-"]
["Turismo rural ou ecoturismo","-",null,"-"]
["Outras atividades econômicas rurais","-",null,"-"]
["Agroindústria",1,null,{"v":0.11135857461024498,"d":"0.1"}]
["Proprietário sem instrução ou com instrução incompleta",67,null,{"v":7.461024498886414,"d":"7.5"}]
["Proprietário com antigo primário completo",477,null,{"v":53.118040089086854,"d":"53.1"}]
["Proprietário com 1° grau (ou antigo ginasial) completo",121,null,{"v":13.474387527839642,"d":"13.5"}]
["Proprietário com 2° grau (ou antigo colegial) completo",148,null,{"v":16.48106904231626,"d":"16.5"}]
["Proprietário com curso superior completo ",82,null,{"v":9.131403118040089,"d":"9.1"}]
["Pessoa Jurídica",3,null,{"v":0.33407572383073497,"d":"0.3"}]
["Proprietário residente na própria UPA ",409,null,{"v":45.5456570155902,"d":"45.5"}]
["Fonte: Secretaria de Agricultura e Abastecimento, CDRS/IEA, Projeto LUPA."]
[]
["TABELA 261.5 - Área Cultivada, Município de Itaporanga, Estado de São Paulo, 2016/17."]
["CULTURA","N.DE UPAs","MÍNIMO","MÉDIO","MÁXIMO","TOTAL"]
["Braquiaria",752,0.2,{"v":31.88,"d":"31.9"},{"v":1324.5,"d":"1,324.5"},{"v":23976.4,"d":"23,976.4"}]
["Soja",208,2.2,{"v":43.07,"d":"43.1"},{"v":503,"d":"503.0"},{"v":8958.3,"d":"8,958.3"}]
["Milho safra",173,0.5,27.3,{"v":484,"d":"484.0"},{"v":4722.5,"d":"4,722.5"}]
["Eucalipto",100,0.1,{"v":8.71,"d":"8.7"},88.2,870.8]
["Pinus",9,2.9,{"v":59.42,"d":"59.4"},386.4,534.8]
["Feijao",5,{"v":10,"d":"10.0"},{"v":100.06,"d":"100.1"},322.7,500.3]
["Cafe",21,0.4,7.6,{"v":55,"d":"55.0"},159.5]
["Trigo",1,153.8,153.8,153.8,153.8]
["Cana-de-acucar outras finalidades",32,0.1,{"v":4.28,"d":"4.3"},84.5,{"v":137,"d":"137.0"}]
["Capim-napier (ou capim-elefante)",11,0.2,{"v":5.75,"d":"5.8"},{"v":50,"d":"50.0"},63.3]
["Banana",11,{"v":1,"d":"1.0"},{"v":4.62,"d":"4.6"},{"v":13,"d":"13.0"},50.8]
["Laranja Industria",1,48.4,48.4,48.4,48.4]
["Pepino",67,0.1,{"v":0.47,"d":"0.5"},{"v":3,"d":"3.0"},31.4]
["Quiabo",3,{"v":5,"d":"5.0"},{"v":7.13,"d":"7.1"},11.4,21.4]
["Tomate envarado",10,0.1,{"v":0.86,"d":"0.9"},2.3,8.6]
["Capim-gordura",1,4.7,4.7,4.7,4.7]
["Outras olericolas",3,0.1,1.1,2.2,3.3]
["Melancia",1,1.2,1.2,1.2,1.2]
["Sorgo-forrageiro",1,1.2,1.2,1.2,1.2]
["Uva fina",1,{"v":1,"d":"1.0"},{"v":1,"d":"1.0"},{"v":1,"d":"1.0"},{"v":1,"d":"1.0"}]
["Outras florestais",1,0.9,0.9,0.9,0.9]
["Pimentao",2,0.2,{"v":0.35,"d":"0.4"},0.5,0.7]
["Pomar domestico",1,0.5,0.5,0.5,0.5]
["Milho-doce(verde)",1,0.5,0.5,0.5,0.5]
["Mandioca",1,0.4,0.4,0.4,0.4]
["Berinjela",1,0.3,0.3,0.3,0.3]
["Limao",1,0.2,0.2,0.2,0.2]
["Fonte: Secretaria de Agricultura e Abastecimento, CDRS/IEA, Projeto LUPA."]